Tea environments and yield in Sri Lanka / (Record no. 13011)
[ view plain ]
| 000 -LEADER | |
|---|---|
| fixed length control field | 01166cam a2200337 a 4500 |
| 001 - CONTROL NUMBER | |
| control field | 000 |
| 005 - DATE AND TIME OF LATEST TRANSACTION | |
| control field | 20170713114952.0 |
| 006 - FIXED-LENGTH DATA ELEMENTS--ADDITIONAL MATERIAL CHARACTERISTICS--GENERAL INFORMATION | |
| fixed length control field | 000 |
| 007 - PHYSICAL DESCRIPTION FIXED FIELD--GENERAL INFORMATION | |
| fixed length control field | 000 |
| 008 - FIXED-LENGTH DATA ELEMENTS--GENERAL INFORMATION | |
| fixed length control field | 000 |
| 010 ## - LIBRARY OF CONGRESS CONTROL NUMBER | |
| LC control number | 92123668 |
| 020 ## - INTERNATIONAL STANDARD BOOK NUMBER | |
| International Standard Book Number | 3823611739 |
| 040 ## - CATALOGING SOURCE | |
| Original cataloging agency | UOEL |
| Transcribing agency | DLC |
| Modifying agency | DLC |
| 043 ## - GEOGRAPHIC AREA CODE | |
| Geographic area code | a-ce--- |
| 050 00 - LIBRARY OF CONGRESS CALL NUMBER | |
| Classification number | SB272.S7 |
| Item number | .F8 1989 |
| 082 00 - DEWEY DECIMAL CLASSIFICATION NUMBER | |
| Classification number | 338.1/7372/095493 |
| Edition number | 20 |
| 100 1# - MAIN ENTRY--PERSONAL NAME | |
| Personal name | Fuchs, Hans-Joachim. |
| 245 10 - TITLE STATEMENT | |
| Title | Tea environments and yield in Sri Lanka / |
| Statement of responsibility, etc | Hans-Joachim Fuchs. |
| 260 ## - PUBLICATION, DISTRIBUTION, ETC. (IMPRINT) | |
| Place of publication, distribution, etc | Weikersheim, Germany : |
| Name of publisher, distributor, etc | Margraf Scientific Publishers, |
| Date of publication, distribution, etc | 1989. |
| 300 ## - PHYSICAL DESCRIPTION | |
| Extent | v, 320 p. : |
| Other physical details | ill., maps ; |
| Dimensions | 21 cm. |
| 490 1# - SERIES STATEMENT | |
| Series statement | Tropical agriculture, |
| International Standard Serial Number | 0932-3074 ; |
| Volume number/sequential designation | 5 |
| 500 ## - GENERAL NOTE | |
| General note | Eleven maps in pocket. |
| 504 ## - BIBLIOGRAPHY, ETC. NOTE | |
| Bibliography, etc | Includes bibliographical references (p. 311-320). |
| 650 #0 - SUBJECT ADDED ENTRY--TOPICAL TERM | |
| Topical term or geographic name as entry element | Tea |
| Geographic subdivision | Sri Lanka. |
| General subdivision | Plant Culture |
| Topical term or geographic name as entry element | Tea |
| General subdivision | Plant Culture |
| Geographic subdivision | Sri Lanka. |
| Topical term or geographic name as entry element | Tea |
| General subdivision | Yields |
| Geographic subdivision | Sri Lanka. |
| 830 #0 - SERIES ADDED ENTRY--UNIFORM TITLE | |
| Uniform title | Tropical agriculture (Weikersheim, Germany) ; |
| Volume number/sequential designation | 5 |
| 906 ## - LOCAL DATA ELEMENT F, LDF (RLIN) | |
| a | 7 |
| b | cbc |
| c | orignew |
| d | 2 |
| e | ncip |
| f | 19 |
| g | y-gencatlg |
| 942 ## - ADDED ENTRY ELEMENTS (KOHA) | |
| Source of classification or shelving scheme | Library of Congress Classification |
| Item type | SES Book |
| Withdrawn status | Lost status | Source of classification or shelving scheme | Damaged status | Not for loan | Home library | Current library | Shelving location | Date acquired | Total Checkouts | Full call number | Barcode | Date last seen | Copy number | Price effective from | Koha item type |
|---|---|---|---|---|---|---|---|---|---|---|---|---|---|---|---|
| Library of Congress Classification | UOE Main Library | UOE Main Library | Open shelf | 13/07/2017 | SB272.S7 .F8 1989 | 10035684 | 27/04/2026 | 10035684 | 13/07/2017 | SES Book |
